Normal view
MARC view
- تاليف الضاري، حارث سليمان، تقديم عمر سليمان الاشقر
Entry Personal Name
001 - CONTROL NUMBER
- control field: 64085
003 - CONTROL NUMBER IDENTIFIER
- control field: JO-AjAnu
005 - DATE AND TIME OF LATEST TRANSACTION
- control field: 20230606084445.0
008 - FIXED-LENGTH DATA ELEMENTS
- fixed length control field: 230606|| aca||aabn | a|a d
040 ## - CATALOGING SOURCE
- Original cataloging agency: JO-AjAnu
- Transcribing agency: JO-AjAnu
100 ## - HEADING--PERSONAL NAME
- Personal name: تاليف الضاري، حارث سليمان، تقديم عمر سليمان الاشقر
670 ## - SOURCE DATA FOUND
- Source citation: Work cat.: (JO-AjAnu)32671: تاليف الضاري، حارث سليمان، تقديم عمر سليمان الاشقر, author, ابو هريرة صاحب رسول الله صلى الله عليه وسلم وخادمه: دراسة حديثية تاريخية هادفة